00407nam a2200169 a 450000100060000000300090000600800410001502000150005604000280007108200160009910000260011524500110014126000310015230000100018349000150019365000290020813835CO-ViMGA141112s2004 ck r 000 u spa d a9580443904 aCO-ViMGAbspacCO-ViMGA a833.91 N6771 aNostlinger, Christine10aBonsai aBogotá : bNorma, c1998 a220 p aZona libre14aNOVELA JUVENIL AUSTRIACA